[Event "SR 3. liga A2 2012/2013"]
[Site "?"]
[Date "2013.01.13"]
[Round "6.4"]
[White "Strakac, Petr"]
[Black "Bincik, Pavol"]
[Result "1-0"]
[WhiteElo "2066"]
[BlackElo "1937"]
[PlyCount "159"]
[EventDate "2012.??.??"]

1. e4 c6 2. d4 d5 3. exd5 cxd5 4. Bd3 Nc6 5. c3 Nf6 6. Bf4 Qb6 7. Qc2 Bg4 8.
Nd2 Nh5 9. Be3 Nf6 10. Ngf3 Rc8 11. Qb1 Qc7 12. O-O Bh5 13. Re1 Bg6 14. Bg5 e6
15. Bxf6 gxf6 16. g3 Be7 17. Nh4 Bxd3 18. Qxd3 Qd7 19. Ndf3 f5 20. Ng2 h5 21.
Re2 Kf8 22. Rae1 Kg7 23. h4 Bd6 24. Qe3 Ne7 25. Ne5 Qd8 26. Nf4 Rh6 27. Nh3
Bxe5 28. Qxe5+ Kg8 29. Qe3 Kg7 30. Ng5 Rf6 31. Qf3 Qh8 32. b3 a6 33. c4 b6 34.
Rc2 Ng6 35. Rec1 f4 36. Qe2 fxg3 37. fxg3 dxc4 38. Ne4 Qd8 39. Nxf6 Qxd4+ 40.
Qf2 Qxf6 41. Qxf6+ Kxf6 42. Rxc4 Rxc4 43. Rxc4 Ne7 44. Kf2 Nd5 45. Kf3 Kf5 46.
g4+ Kg6 47. Rc8 hxg4+ 48. Kxg4 f5+ 49. Kf3 a5 50. Rc6 Kf6 51. h5 Kg5 52. Rxe6
Kxh5 53. Rd6 Nb4 54. a4 Kg5 55. Rxb6 Nc2 56. Rb5 Kf6 57. Rxa5 Nd4+ 58. Kf4 Nxb3
59. Ra6+ Ke7 60. Kxf5 Kd7 61. Rb6 Nc5 62. a5 Kc7 63. Rb1 Na6 64. Ke5 Nb8 65.
Kd5 Na6 66. Rb6 Nb8 67. Rh6 Kb7 68. Kc5 Na6+ 69. Kb5 Nc7+ 70. Kc4 Na6 71. Rb6+
Ka7 72. Kd5 Nb8 73. Kd6 Na6 74. Kc6 Nb8+ 75. Kb5 Nd7 76. Rd6 Nb8 77. Rd1 Kb7
78. Rh1 Ka7 79. Rh7+ Ka8 80. Kb6 1-0

[Event "SR 3. liga A2 2012/2013"]
[Site "?"]
[Date "2013.01.13"]
[Round "6.4"]
[White "Nemsak, Denis"]
[Black "Berger, Patrik"]
[Result "1/2-1/2"]
[WhiteElo "1873"]
[BlackElo "1930"]
[PlyCount "76"]
[EventDate "2012.??.??"]

1. c4 Nf6 2. Nc3 g6 3. e4 d6 4. d4 Bg7 5. f4 O-O 6. Nf3 c5 7. d5 e6 8. Bd3 exd5
9. cxd5 Bg4 10. O-O Re8 11. Qc2 Bxf3 12. Rxf3 Ng4 13. Ne2 c4 14. Bxc4 Qb6+ 15.
Kh1 Nf2+ 16. Kg1 Nd3+ 17. Kf1 Nxc1 18. Rxc1 Nd7 19. Rb3 Qa5 20. Bb5 Rec8 21.
Qxc8+ Rxc8 22. Rxc8+ Nf8 23. Bc4 Qxa2 24. Rxb7 Qb1+ 25. Kf2 Qxe4 26. Rbb8 h6
27. b3 Qe7 28. g3 Qe4 29. Re8 Qh1 30. h4 Qh2+ 31. Ke3 g5 32. hxg5 hxg5 33. Ra8
gxf4+ 34. gxf4 Qh3+ 35. Kd2 Qd7 36. Rad8 Qb7 37. Kc2 Qb4 38. Re3 Qa5 1/2-1/2

[Event "SR 3. liga A2 2012/2013"]
[Site "?"]
[Date "2013.01.13"]
[Round "6.4"]
[White "Hudacek, Josef"]
[Black "Slaby, Jozef"]
[Result "1-0"]
[WhiteElo "2067"]
[BlackElo "1890"]
[PlyCount "84"]
[EventDate "2012.??.??"]

1. e4 c6 2. d4 d5 3. Nd2 dxe4 4. Nxe4 Bf5 5. Ng3 Bg6 6. Nf3 e6 7. c3 Nd7 8. Bd3
Bxd3 9. Qxd3 Ngf6 10. O-O h6 11. Re1 Be7 12. a3 c5 13. Ne4 O-O 14. b4 cxd4 15.
Nxd4 Ne5 16. Qg3 Nxe4 17. Rxe4 Ng6 18. f4 Bh4 19. Qf3 Rc8 20. Bb2 Qd5 21. Rd1
Rc4 22. g4 Bf6 23. Qe2 Rfc8 24. Rd2 e5 25. fxe5 Bxe5 26. Re3 Bxd4 27. Rxd4 Rxd4
28. cxd4 Qg5 29. Re8+ Rxe8 30. Qxe8+ Kh7 31. Qe2 f5 32. h3 fxg4 33. Qxg4 Qd2
34. Qg2 Qe3+ 35. Kh2 Nf4 36. Qc2+ Ng6 37. d5 Qf4+ 38. Kh1 Qf1+ 39. Kh2 Qf4+ 40.
Kg1 Qg5+ 41. Qg2 Qe3+ 42. Kh2 Qe5+ 1-0

[Event "SR 3. liga A2 2012/2013"]
[Site "?"]
[Date "2013.01.13"]
[Round "6.4"]
[White "Curidlo, Jan"]
[Black "Vepy, Ivan"]
[Result "1-0"]
[WhiteElo "1880"]
[BlackElo "1921"]
[PlyCount "79"]
[EventDate "2012.??.??"]

1. e4 e5 2. Nf3 Nc6 3. Bb5 a6 4. Ba4 Nf6 5. O-O Be7 6. Re1 b5 7. Bb3 d6 8. h3
Na5 9. c3 Nxb3 10. axb3 O-O 11. d4 Nd7 12. Be3 Bb7 13. d5 f5 14. Qc2 fxe4 15.
Nfd2 Bxd5 16. c4 Bb7 17. Nc3 Nf6 18. Ncxe4 Nxe4 19. Nxe4 Qd7 20. Rac1 Rac8 21.
Ng3 Bh4 22. Kh2 d5 23. Bc5 Bxg3+ 24. fxg3 Rf6 25. Rxe5 dxc4 26. bxc4 h6 27.
Rce1 Qc6 28. cxb5 axb5 29. b4 Kh8 30. R1e3 Rcf8 31. Re2 Ra8 32. Qb1 Rg6 33. Qe1
Ra3 34. g4 Qf6 35. Rf2 Qc6 36. Qe2 Qd7 37. Re8+ Kh7 38. Rff8 Rga6 39. Rh8+ Kg6
40. h4 1-0

[Event "SR 3. liga A2 2012/2013"]
[Site "?"]
[Date "2013.01.13"]
[Round "6.4"]
[White "Hrubsa, Marian"]
[Black "Orvisky, Vladimir"]
[Result "1/2-1/2"]
[WhiteElo "1820"]
[BlackElo "1838"]
[PlyCount "105"]
[EventDate "2012.??.??"]

1. e4 Nf6 2. e5 Nd5 3. d4 d6 4. Nf3 Bg4 5. Be2 Nc6 6. O-O e6 7. c4 Nb6 8. exd6
cxd6 9. Re1 Be7 10. Nc3 O-O 11. b3 d5 12. c5 Nd7 13. h3 Bxf3 14. Bxf3 Bf6 15.
Be3 Nxc5 16. Rc1 Nd7 17. Qd2 Be7 18. g3 Rc8 19. Kg2 Bb4 20. Rh1 Qa5 21. Rc2 Ne7
22. Rhc1 Nf5 23. Qd3 Nxe3+ 24. fxe3 Bxc3 25. Rxc3 Rxc3 26. Rxc3 Qxa2+ 27. Rc2
Qa5 28. Qd1 Nb8 29. Qb1 Nc6 30. Be2 a6 31. Rc5 Qd2 32. Kf3 Rc8 33. b4 Ne7 34.
Bd3 h6 35. Be2 b5 36. Bd3 Kf8 37. Be2 Rxc5 38. dxc5 Nc6 39. Qa1 Ne5+ 40. Qxe5
Qxb4 41. Qd4 Qe1 42. Qd1 Qxd1 43. Bxd1 Ke7 44. e4 Kd7 45. exd5 exd5 46. Ke3 Kc6
47. Kd4 f6 48. Bf3 a5 49. Bxd5+ Kc7 50. Kc3 g5 51. g4 Kd7 52. Kb3 Kc7 53. Kc3
1/2-1/2

[Event "SR 3. liga A2 2012/2013"]
[Site "?"]
[Date "2013.01.13"]
[Round "6.4"]
[White "Nedorost, Lubomir"]
[Black "Kubik, Peter"]
[Result "0-1"]
[WhiteElo "1687"]
[BlackElo "1862"]
[PlyCount "106"]
[EventDate "2012.??.??"]

1. e4 e5 2. Nc3 Bc5 3. Bc4 Nf6 4. d3 h6 5. Be3 Bb6 6. Qe2 Nc6 7. f4 exf4 8.
Bxf4 Nd4 9. Qd2 d6 10. Nge2 Be6 11. Be3 Nxc2+ 12. Qxc2 Bxe3 13. Ng3 Qd7 14. Qe2
Bd4 15. Nb5 Bb6 16. a3 c6 17. Nxd6+ Qxd6 18. e5 Qd4 19. exf6 Qxf6 20. Ne4 Qe7
21. O-O-O O-O 22. g4 Bxc4 23. dxc4 Rad8 24. Rde1 Rd4 25. Rhf1 Qe6 26. c5 Re8
27. cxb6 Rxe4 28. Qxe4 Qxe4 29. Rxe4 Rxe4 30. bxa7 Ra4 31. Rd1 Rxa7 32. Rd8+
Kh7 33. Rd7 Kg6 34. h4 Kf6 35. g5+ hxg5 36. hxg5+ Ke6 37. Rc7 g6 38. Kd2 Ra5
39. Rxb7 Rb5 40. Rxb5 cxb5 41. Kc3 Kf5 42. Kb4 Kxg5 43. Kxb5 f5 44. Kc4 Kg4 45.
Kd3 Kg3 46. Ke2 Kg2 47. Ke3 g5 48. a4 f4+ 49. Kd4 f3 50. a5 f2 51. b4 f1=Q 52.
Kc5 Qa6 53. b5 Qxa5 0-1

[Event "SR 3. liga A2 2012/2013"]
[Site "?"]
[Date "2013.01.13"]
[Round "6.4"]
[White "Vach, Jozef"]
[Black "Sedlak, Rastislav"]
[Result "0-1"]
[WhiteElo "1793"]
[BlackElo "1592"]
[PlyCount "134"]
[EventDate "2012.??.??"]

1. d4 d5 2. Nf3 Nf6 3. c4 Bf5 4. Nc3 dxc4 5. e3 e6 6. Bxc4 Bd6 7. O-O O-O 8.
Re1 Bg6 9. e4 Bb4 10. Bg5 Be7 11. Rc1 Bh5 12. Be2 Nc6 13. d5 exd5 14. e5 Ne4
15. Bf4 Bb4 16. Nd4 Bxe2 17. Rxe2 Nxc3 18. bxc3 Bc5 19. Qd3 Re8 20. Nf5 Qd7 21.
Qh3 Qe6 22. Qg4 Qg6 23. Qh3 Ne7 24. Nh4 Qe6 25. Qd3 Ng6 26. Nxg6 hxg6 27. Rce1
Rad8 28. Rb1 Bb6 29. Rbe1 Qf5 30. Qg3 Re6 31. h3 Rc6 32. Rd2 Rc4 33. Be3 Rxc3
34. Qf3 Qxf3 35. gxf3 Bxe3 36. fxe3 c5 37. Kf2 Kf8 38. Red1 Ke7 39. Rxd5 Rxd5
40. Rxd5 Ke6 41. e4 b6 42. h4 Rc2+ 43. Kg3 Rxa2 44. f4 Ra4 45. Rd6+ Ke7 46. Rc6
Rxe4 47. Rc7+ Ke6 48. Rxa7 Re3+ 49. Kg4 f5+ 50. exf6 gxf6 51. Rg7 c4 52. Rxg6
Kf7 53. Kf5 Re6 54. h5 c3 55. h6 Rc6 56. Rg1 Rc5+ 57. Ke4 Rh5 58. Rg3 c2 59.
Rg1 Rxh6 60. Rc1 Rh2 61. f5 Ke7 62. Kd3 Kd6 63. Re1 Kd5 64. Rc1 Ke5 65. Kc4
Kxf5 66. Kb5 Ke4 67. Kxb6 Kd3 0-1

[Event "SR 3. liga A2 2012/2013"]
[Site "?"]
[Date "2013.01.13"]
[Round "6.4"]
[White "Divinec, Peter"]
[Black "Jarabek, Milan"]
[Result "0-1"]
[WhiteElo "1234"]
[BlackElo "1663"]
[PlyCount "72"]
[EventDate "2012.??.??"]

1. e4 c5 2. f4 d5 3. exd5 Qxd5 4. Nc3 Qd8 5. Nf3 Nf6 6. d4 e6 7. Be2 Nc6 8. Bb5
a6 9. Bxc6+ bxc6 10. O-O cxd4 11. Qxd4 Qxd4+ 12. Nxd4 Bc5 13. Nce2 O-O 14. b3
Rd8 15. Bb2 a5 16. Kh1 Bb7 17. Nf3 Ne4 18. Bd4 Bxd4 19. Nexd4 c5 20. Ne2 Nd2
21. Rf2 Nxf3 22. gxf3 Rd2 23. Kg2 Rxc2 24. Ng3 Rxf2+ 25. Kxf2 a4 26. Rc1 axb3
27. axb3 Rc8 28. Ne2 Bd5 29. b4 c4 30. b5 Kf8 31. Ke3 Ke7 32. Nc3 Kd6 33. Na4
Ra8 34. Ra1 c3 35. Kd3 Bb3 36. Kxc3 Rxa4 0-1

[Event "SR 3. liga A2 2012/2013"]
[Site "?"]
[Date "2013.01.13"]
[Round "6.5"]
[White "Sebesta, Radovan"]
[Black "Takacs, Laszlo"]
[Result "0-1"]
[WhiteElo "2061"]
[BlackElo "2134"]
[PlyCount "108"]
[EventDate "2012.??.??"]

1. d4 Nf6 2. c4 g6 3. Nc3 Bg7 4. e4 d6 5. f3 O-O 6. Bg5 Nbd7 7. Nh3 c5 8. d5 a6
9. Qd2 Re8 10. Be2 Qa5 11. O-O Rb8 12. Nf2 b5 13. cxb5 axb5 14. Bh6 Bh8 15. h4
Ne5 16. Rfc1 b4 17. Ncd1 Ba6 18. Ne3 Bxe2 19. Qxe2 Qb5 20. Qd2 Red8 21. f4 Ned7
22. f5 Ne5 23. Rf1 Ra8 24. fxg6 hxg6 25. Bg5 Ra7 26. Bxf6 Bxf6 27. Nfg4 Qd3 28.
Nxf6+ exf6 29. Qxd3 Nxd3 30. Nc4 Ne5 31. Nxe5 fxe5 32. a4 c4 33. Rfc1 Rc8 34.
Kf2 f5 35. exf5 gxf5 36. a5 Rc5 37. a6 Rxd5 38. Rxc4 Rd2+ 39. Kf3 Rxb2 40. Rc8+
Kf7 41. Rb8 Ke6 42. Rb7 Ra8 43. a7 Rb3+ 44. Kf2 Ra3 45. Rb1 R8xa7 46. R7xb4
Ra2+ 47. R1b2 Rxb2+ 48. Rxb2 e4 49. Kg3 Ke5 50. Rb8 f4+ 51. Kf2 Ra2+ 52. Kf1 d5
53. Rb4 Ra1+ 54. Kf2 Rh1 0-1

[Event "SR 3. liga A2 2012/2013"]
[Site "?"]
[Date "2013.01.13"]
[Round "6.5"]
[White "Darazs, Zoltan"]
[Black "Gasa, Patrik"]
[Result "1-0"]
[WhiteElo "2124"]
[BlackElo "1906"]
[PlyCount "105"]
[EventDate "2012.??.??"]

1. e4 c5 2. Nf3 Nc6 3. d4 cxd4 4. Nxd4 g6 5. Nc3 Bg7 6. Be3 Nf6 7. Bc4 Qa5 8.
O-O O-O 9. Nb3 Qd8 10. f4 d6 11. h3 a6 12. a4 b6 13. Qd2 Bb7 14. Qf2 Nd7 15.
Rad1 Rc8 16. Nd5 Nc5 17. Nxc5 bxc5 18. e5 Nd4 19. exd6 Qxd6 20. Nc3 Qb6 21. b3
e6 22. Rc1 Rfd8 23. Kh2 Qc6 24. Bd3 Qc7 25. Be4 f5 26. Bxb7 Qxb7 27. Ne2 Qb8
28. Rfd1 e5 29. Kh1 Qb6 30. fxe5 Bxe5 31. Nxd4 cxd4 32. Bf4 Rc5 33. Rd3 Rcd5
34. Bxe5 Rxe5 35. Rcd1 Red5 36. Qe2 Qd6 37. c4 Qe5 38. Qxe5 Rxe5 39. Rxd4 Rxd4
40. Rxd4 Re3 41. b4 Ra3 42. a5 Rb3 43. b5 axb5 44. a6 Kf7 45. cxb5 Rxb5 46. Ra4
Rb8 47. a7 Ra8 48. Kg1 g5 49. Ra6 Kg7 50. Kf2 h5 51. Ke3 h4 52. Kd4 g4 53. Ke5
1-0

[Event "SR 3. liga A2 2012/2013"]
[Site "?"]
[Date "2013.01.13"]
[Round "6.5"]
[White "Lanik, Miroslav"]
[Black "Marosi, Csaba"]
[Result "1/2-1/2"]
[WhiteElo "1945"]
[BlackElo "1949"]
[PlyCount "24"]
[EventDate "2012.??.??"]

1. e4 c5 2. Nf3 e6 3. d4 cxd4 4. Nxd4 Qb6 5. Nb3 Qc7 6. Nc3 a6 7. g3 b5 8. Bg2
Bb7 9. O-O d6 10. Re1 Nd7 11. Nd4 Ngf6 12. a4 bxa4 1/2-1/2

[Event "SR 3. liga A2 2012/2013"]
[Site "?"]
[Date "2013.01.13"]
[Round "6.5"]
[White "Meszaros, Lorant"]
[Black "Palka, Martin"]
[Result "1-0"]
[WhiteElo "2048"]
[BlackElo "1884"]
[PlyCount "65"]
[EventDate "2012.??.??"]

1. d4 d5 2. c4 e6 3. Nf3 Nf6 4. g3 Be7 5. Bg2 O-O 6. O-O dxc4 7. Ne5 Nbd7 8.
Nxc4 Nb6 9. Ne5 Nfd7 10. f4 Nd5 11. Nc3 N7f6 12. g4 Nxc3 13. bxc3 c5 14. Rb1
Qc7 15. g5 Nd7 16. Ng4 Rb8 17. e4 b5 18. Qf3 Rb6 19. d5 exd5 20. exd5 Bb7 21.
Qe2 Bd6 22. Rxb5 Ba6 23. a4 Bxb5 24. axb5 c4 25. Be3 Rxb5 26. Kh1 Rbb8 27. Bd4
Bxf4 28. Nh6+ Kh8 29. Nf5 f6 30. Nxg7 Kxg7 31. Qg4 Be5 32. gxf6+ Kf7 33. Qg7+
1-0

[Event "SR 3. liga A2 2012/2013"]
[Site "?"]
[Date "2013.01.13"]
[Round "6.5"]
[White "Palka, Miroslav"]
[Black "Kalmar, Tamas"]
[Result "1/2-1/2"]
[WhiteElo "1924"]
[BlackElo "1920"]
[PlyCount "34"]
[EventDate "2012.??.??"]

1. c4 Nf6 2. Nc3 g6 3. e4 d6 4. g3 Bg7 5. Bg2 e5 6. Nge2 O-O 7. O-O Nc6 8. Nd5
Nxd5 9. cxd5 Ne7 10. d3 f5 11. Qc2 Bd7 12. Be3 c5 13. f4 Rc8 14. fxe5 dxe5 15.
Qd2 Qc7 16. Rac1 Qd6 17. a3 Kh8 1/2-1/2

[Event "SR 3. liga A2 2012/2013"]
[Site "?"]
[Date "2013.01.13"]
[Round "6.5"]
[White "Szitasi, Janos"]
[Black "Skapikova, Lubica"]
[Result "1/2-1/2"]
[WhiteElo "1963"]
[BlackElo "1907"]
[PlyCount "57"]
[EventDate "2012.??.??"]

1. e4 e5 2. Nf3 Nc6 3. Bb5 a6 4. Ba4 Nf6 5. O-O Be7 6. Re1 b5 7. Bb3 O-O 8. c3
d5 9. exd5 Nxd5 10. Nxe5 Nxe5 11. Rxe5 c6 12. Bxd5 cxd5 13. Qf3 Be6 14. d4 Bd6
15. Re1 Qh4 16. g3 Qh3 17. Qg2 Qh5 18. f3 Rae8 19. Be3 Bh3 20. Qf2 f5 21. f4 h6
22. Nd2 g5 23. Nf3 gxf4 24. Bxf4 Bxf4 25. gxf4 Kh7 26. Kh1 Re4 27. Ng1 Bg4 28.
Re3 Rfe8 29. Rae1 1/2-1/2

[Event "SR 3. liga A2 2012/2013"]
[Site "?"]
[Date "2013.01.13"]
[Round "6.5"]
[White "Zisek, Jaroslav"]
[Black "Vegh, Vince"]
[Result "0-1"]
[WhiteElo "1857"]
[BlackElo "1932"]
[PlyCount "104"]
[EventDate "2012.??.??"]

1. c4 c6 2. Nc3 Nf6 3. Nf3 d5 4. e3 e6 5. d4 Be7 6. Bd2 O-O 7. Rc1 Nbd7 8. Bd3
dxc4 9. Bxc4 b5 10. Bd3 a6 11. O-O Bb7 12. Bb1 Rc8 13. a3 c5 14. dxc5 Nxc5 15.
Qe2 Qb6 16. Bc2 Rfd8 17. e4 Ba8 18. h3 h6 19. Be3 Qb7 20. e5 Nd5 21. Nxd5 exd5
22. Nd4 Ne6 23. Qd3 g6 24. Bxh6 Nxd4 25. Qxd4 Rc4 26. Qd3 d4 27. f3 Kh7 28. Bd2
Qb6 29. Kh1 Qe6 30. Rfe1 Bd5 31. Qe2 Kg7 32. Bd3 Rxc1 33. Rxc1 Bh4 34. Kh2 Re8
35. g3 Bd8 36. Be1 Qxe5 37. Qxe5+ Rxe5 38. Bf2 Bb6 39. Kg2 Re6 40. Re1 Rd6 41.
g4 Bc4 42. Rd1 Bxd3 43. Rxd3 Kf6 44. Rd1 Ke6 45. Kf1 Kd5 46. b3 Rc6 47. Ke2
Rc2+ 48. Ke1 Rc3 49. Rb1 Rxf3 50. h4 Ke4 51. Rc1 Rxb3 52. Rc6 Ba5+ 0-1

[Event "SR 3. liga A2 2012/2013"]
[Site "?"]
[Date "2013.01.13"]
[Round "6.5"]
[White "Mezei, Tibor"]
[Black "Havlicek, Peter"]
[Result "0-1"]
[WhiteElo "1811"]
[BlackElo "1843"]
[PlyCount "98"]
[EventDate "2012.??.??"]

1. e4 c5 2. Nf3 e6 3. d4 cxd4 4. Nxd4 d6 5. c3 a6 6. Be3 Nf6 7. f3 Be7 8. Bd3
Nc6 9. Ne2 Qc7 10. Nd2 O-O 11. Qc2 Ne5 12. f4 Nxd3+ 13. Qxd3 Ng4 14. h3 Nxe3
15. Qxe3 b5 16. Nf3 Bb7 17. O-O Rad8 18. Kh1 Qc4 19. Nd2 Qc5 20. Qg3 Qh5 21.
Nd4 Bh4 22. Qd3 e5 23. Nf5 Bf6 24. g4 Qg6 25. g5 Qxf5 26. gxf6 Qxf6 27. f5 d5
28. Qe3 dxe4 29. Nxe4 Qh4 30. Rae1 Bxe4+ 31. Qxe4 Qxh3+ 32. Kg1 Rd2 33. Re2
Qg3+ 34. Kh1 Rxe2 35. Qxe2 f6 36. Rf2 Rd8 37. Rf3 Qg5 38. Qe4 Rd1+ 39. Kh2 Qg1+
40. Kh3 Qh1+ 41. Kg3 Qg1+ 42. Kh3 h5 43. Rg3 Qf2 44. c4 Rd4 45. Qa8+ Kh7 46.
cxb5 Qxf5+ 47. Kh2 Rd2+ 48. Rg2 Qf4+ 49. Kh3 Rd3+ 0-1

[Event "SR 3. liga A2 2012/2013"]
[Site "?"]
[Date "2013.01.13"]
[Round "6.6"]
[White "Sekera, Branislav"]
[Black "Svoboda, Adam"]
[Result "1-0"]
[WhiteElo "2153"]
[BlackElo "1958"]
[PlyCount "61"]
[EventDate "2012.??.??"]

1. Nf3 Nf6 2. g3 d5 3. Bg2 Bf5 4. O-O Nbd7 5. d3 e5 6. c3 c6 7. Re1 Bc5 8. Nbd2
O-O 9. e4 dxe4 10. dxe4 Be6 11. h3 Qc7 12. Nf1 Rfd8 13. Qc2 Nb6 14. b3 a5 15.
Bg5 Nbd7 16. g4 h6 17. Bd2 b5 18. g5 hxg5 19. Nxg5 Re8 20. Ng3 Nh7 21. Nf3 Kh8
22. Be3 Nhf8 23. Nh4 a4 24. b4 Bxe3 25. Rxe3 Bc4 26. Ngf5 Be6 27. Rg3 Bxf5 28.
Nxf5 Ne6 29. Qe2 Ndf8 30. Qg4 f6 31. Rd1 {cas} 1-0

[Event "SR 3. liga A2 2012/2013"]
[Site "?"]
[Date "2013.01.13"]
[Round "6.6"]
[White "Puskar, Peter"]
[Black "Kozinka, Roman"]
[Result "1-0"]
[WhiteElo "2004"]
[BlackElo "2036"]
[PlyCount "74"]
[EventDate "2012.??.??"]

1. d4 Nf6 2. c4 c5 3. d5 e6 4. Nc3 exd5 5. cxd5 d6 6. Nf3 g6 7. e4 Bg7 8. Be2
a6 9. a4 O-O 10. O-O Re8 11. Nd2 Qc7 12. f4 b6 13. Bf3 Bb7 14. Nc4 Nbd7 15. Re1
Re7 16. Be3 Rd8 17. Qd2 Ne8 18. Rad1 f6 19. Bf2 Qb8 20. Bg4 Ba8 21. Qd3 b5 22.
axb5 axb5 23. Na5 b4 24. Nc6 Bxc6 25. dxc6 Nb6 26. Nd5 Nxd5 27. Qxd5+ Kh8 28.
Bd7 f5 29. exf5 Rxe1+ 30. Rxe1 Nf6 31. Qf7 Rf8 32. Qe6 gxf5 33. Qxf5 Nxd7 34.
Qxd7 Qd8 35. Re6 Bxb2 36. Rxd6 Qa8 37. Bxc5 Qa5 {cas} 1-0

[Event "SR 3. liga A2 2012/2013"]
[Site "?"]
[Date "2013.01.13"]
[Round "6.6"]
[White "Kavon, Rastislav"]
[Black "Lukacovic, Miroslav"]
[Result "1-0"]
[WhiteElo "1943"]
[BlackElo "1997"]
[PlyCount "81"]
[EventDate "2012.??.??"]

1. e4 e6 2. d4 d5 3. Nd2 dxe4 4. Nxe4 Nd7 5. Nf3 Ngf6 6. Bg5 Be7 7. Nxf6+ Nxf6
8. Bc4 O-O 9. O-O b6 10. c3 Nd5 11. Bxe7 Qxe7 12. Qd2 Bb7 13. Ne5 Rad8 14. Nd3
Qh4 15. Bxd5 Rxd5 16. Qf4 Qd8 17. Ne5 h5 18. Rfe1 c5 19. dxc5 bxc5 20. b3 f6
21. Nc4 Qd7 22. Ne3 Rd3 23. Qc4 Rd8 24. Qxc5 g6 25. c4 Rc8 26. Qb4 Qc6 27. f3
Rcd8 28. Rad1 Kf7 29. Nd5 R3xd5 30. cxd5 Rxd5 31. Rxd5 Qxd5 32. Rc1 Qd7 33. Qc5
Bd5 34. Qc7 Ke7 35. Kf2 g5 36. g3 g4 37. f4 Bf3 38. Ke3 Bd5 39. Qxd7+ Kxd7 40.
Rc5 Kd6 41. Ra5 1-0

[Event "SR 3. liga A2 2012/2013"]
[Site "?"]
[Date "2013.01.13"]
[Round "6.6"]
[White "Halas, Miroslav"]
[Black "Lopatievov, Alexander"]
[Result "1-0"]
[WhiteElo "1923"]
[BlackElo "1937"]
[PlyCount "51"]
[EventDate "2012.??.??"]

1. e4 c6 2. d4 d5 3. exd5 cxd5 4. c4 Nf6 5. Nc3 Nc6 6. c5 Bf5 7. Bb5 a6 8. Ba4
e6 9. Bg5 Be7 10. Nf3 O-O 11. Bxc6 bxc6 12. O-O Nd7 13. Bxe7 Qxe7 14. Qa4 Rfc8
15. Rfe1 f6 16. Nh4 Bg4 17. h3 Bh5 18. Nf5 Qf7 19. Nd6 Qf8 20. Nxc8 Rxc8 21.
Qxa6 Rc7 22. b4 e5 23. b5 Nxc5 24. dxc5 Be8 25. b6 Rd7 26. a4 1-0

[Event "SR 3. liga A2 2012/2013"]
[Site "?"]
[Date "2013.01.13"]
[Round "6.6"]
[White "Mackovic, Miroslav"]
[Black "Kolenak, Matus"]
[Result "0-1"]
[WhiteElo "1919"]
[BlackElo "1916"]
[PlyCount "108"]
[EventDate "2012.??.??"]

1. e4 c5 2. Nf3 Nc6 3. d4 cxd4 4. Nxd4 Nf6 5. Nc3 e6 6. Ndb5 d6 7. Bf4 e5 8.
Bg5 a6 9. Bxf6 gxf6 10. Na3 b5 11. Nd5 Be6 12. Ne3 Rc8 13. c3 Ne7 14. Nac2 f5
15. exf5 Nxf5 16. Nxf5 Bxf5 17. Nb4 Ra8 18. Nxa6 Bd7 19. Nb4 Be7 20. g3 O-O 21.
Bg2 Rc8 22. O-O Kh8 23. Qh5 f5 24. Rad1 Be8 25. Qe2 Rg8 26. Bh3 Rg5 27. Nd5 Bf8
28. Bg2 Rg6 29. f4 e4 30. Bh3 Bd7 31. Qf2 Be6 32. a3 Rc5 33. Nb4 Rc4 34. Nc2
Bd7 35. Nd4 Qf6 36. Rd2 Rc5 37. Rc1 Qh4 38. Bf1 Qe7 39. Qe3 Qe8 40. Be2 Rh6 41.
Nb3 Rc7 42. c4 Qc8 43. Rdc2 Bg7 44. Nd4 bxc4 45. Bxc4 Qb8 46. Rd1 Qb7 47. b4
Qa7 48. Bb3 Rb7 49. Bd5 Rc7 50. Rxc7 Qxc7 51. Nb3 Qc2 52. Rd2 Qb1+ 53. Kg2 Bb5
54. Qb6 Qf1# 0-1

[Event "SR 3. liga A2 2012/2013"]
[Site "?"]
[Date "2013.01.13"]
[Round "6.6"]
[White "Hagara, Vladimir"]
[Black "Mackovic, Matus"]
[Result "1/2-1/2"]
[WhiteElo "1909"]
[BlackElo "1871"]
[PlyCount "82"]
[EventDate "2012.??.??"]

1. c4 Nf6 2. Nc3 d6 3. g3 c5 4. Bg2 Nc6 5. e3 g6 6. Nge2 Bg7 7. O-O O-O 8. b3
Bd7 9. Bb2 a6 10. d4 cxd4 11. Nxd4 Qc7 12. Rc1 Nxd4 13. exd4 e6 14. d5 e5 15.
Qc2 Rac8 16. h3 Nh5 17. Kh2 f5 18. Qd2 Qd8 19. Ne2 f4 20. Be4 Qg5 21. Qd3 Rf7
22. Ba3 Qe7 23. g4 Nf6 24. Ng1 b5 25. f3 bxc4 26. bxc4 Bf8 27. Kg2 Rg7 28. Qd1
h5 29. Qe2 hxg4 30. fxg4 Nxg4 31. hxg4 Qh4 32. Rf2 Qg3+ 33. Kf1 Qxa3 34. Rc2
Be7 35. Bf3 Ba4 36. Rb2 Bd8 37. Qe4 Qc3 38. Kg2 Rxc4 39. Qb1 Rc8 40. Rfd2 Qc7
41. Be4 Qd7 1/2-1/2

[Event "SR 3. liga A2 2012/2013"]
[Site "?"]
[Date "2013.01.13"]
[Round "6.6"]
[White "Lezovic, Maros"]
[Black "Puskar, David"]
[Result "1-0"]
[WhiteElo "1762"]
[BlackElo "1699"]
[PlyCount "59"]
[EventDate "2012.??.??"]

1. e4 e6 2. d4 d5 3. exd5 exd5 4. Bf4 Be6 5. Bd3 Nf6 6. Ne2 Be7 7. O-O O-O 8.
Nd2 Nbd7 9. Nf3 Re8 10. h3 Nf8 11. Ng3 Ng6 12. Be5 Qc8 13. Ng5 Nd7 14. Nxe6
Ndxe5 15. dxe5 Qxe6 16. Qh5 h6 17. f4 Bd8 18. Kh1 Qb6 19. Bf5 Qc6 20. e6 a6 21.
Rae1 Nh8 22. exf7+ Nxf7 23. Bh7+ Kf8 24. Rxe8+ Qxe8 25. Qxd5 c6 26. Qd2 Be7 27.
Re1 Rd8 28. Qc3 Rd5 29. Nf5 Rd7 30. Qxg7# 1-0

[Event "SR 3. liga A2 2012/2013"]
[Site "?"]
[Date "2013.01.13"]
[Round "6.6"]
[White "Dzurjaninova, Hana"]
[Black "Bango, Lukas"]
[Result "0-1"]
[WhiteElo "1592"]
[BlackElo "1722"]
[PlyCount "94"]
[EventDate "2012.??.??"]

1. e4 d6 2. d4 Nf6 3. Nc3 g6 4. Nf3 Bg7 5. Bc4 O-O 6. O-O c6 7. a4 Bg4 8. Be3
Nbd7 9. h3 Bxf3 10. Qxf3 e5 11. d5 Ne8 12. Rfd1 c5 13. Bd3 Rc8 14. b3 f5 15.
Bd2 f4 16. Nb5 a6 17. Na3 g5 18. g3 Nef6 19. g4 Rf7 20. Nc4 Nf8 21. Ba5 Qe7 22.
Nd2 Ng6 23. Qe2 Nh4 24. Nf3 Nxf3+ 25. Qxf3 Re8 26. Bc4 Nd7 27. Kg2 Nf8 28. Qd3
f3+ 29. Kh2 h5 30. gxh5 g4 31. Rg1 Qh4 32. Rg3 Kh7 33. Qf1 Rf4 34. Bd2 Bh6 35.
Be3 Nd7 36. Kh1 Rg8 37. Qg1 Nf6 38. Qh2 Nxh5 39. Bxf4 Bxf4 40. Rag1 Bxg3 41.
fxg3 Qxh3 42. Qxh3 gxh3 43. g4 f2 44. Rd1 Rxg4 45. Kh2 Rg3 46. Be2 Rg2+ 47. Kh1
Ng3# 0-1

[Event "SR 3. liga A2 2012/2013"]
[Site "?"]
[Date "2013.01.27"]
[Round "7.1"]
[White "Puskar, Peter"]
[Black "Jozefek, Michal"]
[Result "0-1"]
[WhiteElo "2004"]
[BlackElo "2060"]
[PlyCount "108"]
[EventDate "2012.??.??"]

1. d4 Nf6 2. c4 e6 3. Nf3 b6 4. g3 Ba6 5. Qc2 c5 6. Bg2 Nc6 7. dxc5 Bxc5 8. O-O
O-O 9. b3 d5 10. Ba3 Nb4 11. Qb2 Qe7 12. Ne5 Rac8 13. Nd2 Rfd8 14. Rfd1 Qd6 15.
Bxb4 Bxb4 16. a3 Bc5 17. Ndf3 Qe7 18. b4 Bd6 19. cxd5 exd5 20. Rac1 Bb5 21. Nd3
Rxc1 22. Rxc1 a5 23. Nd4 Bxd3 24. Nc6 Qd7 25. exd3 Rc8 26. b5 Re8 27. a4 Qg4
28. Qd4 Qg5 29. Rf1 Bc5 30. Qb2 h5 31. d4 Bd6 32. f4 Qf5 33. Ne5 Rc8 34. Rf2 h4
35. Re2 hxg3 36. hxg3 Ne4 37. Bxe4 dxe4 38. Nc6 Qg4 39. Rxe4 Qxg3+ 40. Qg2 Qb3
41. Qe2 Rf8 42. Ne5 Re8 43. Kg2 Qd5 44. Qf3 f6 45. Kg3 fxe5 46. fxe5 Rf8 47.
Qd3 Be7 48. Rg4 Qf7 49. Qe3 Qf5 50. Qb3+ Rf7 51. Qe3 Bb4 52. Rh4 Qf1 53. Re4
Bd2 54. Qxd2 Qf3+ 0-1

[Event "SR 3. liga A2 2012/2013"]
[Site "?"]
[Date "2013.01.27"]
[Round "7.1"]
[White "Hecko, Dusan"]
[Black "Lukacovic, Miroslav"]
[Result "1-0"]
[WhiteElo "2073"]
[BlackElo "1997"]
[PlyCount "115"]
[EventDate "2012.??.??"]

1. e4 e6 2. d4 d5 3. Nd2 dxe4 4. Nxe4 Nd7 5. Bd3 Ngf6 6. Nf3 Be7 7. Qe2 b6 8.
O-O Bb7 9. Re1 O-O 10. Bd2 c5 11. dxc5 Nxe4 12. Bxe4 Bxe4 13. Qxe4 Nxc5 14. Qe3
Bf6 15. Rad1 Qc7 16. b3 Rfd8 17. Qe2 Rd5 18. c4 Rd7 19. Be3 Rad8 20. Bxc5 Qxc5
21. Rxd7 Rxd7 22. Rd1 Qc7 23. Rd3 Qd8 24. Ne1 h6 25. h3 Rd4 26. Rxd4 Qxd4 27.
g3 Qb2 28. Qxb2 Bxb2 29. Nd3 Bd4 30. Kf1 Kf8 31. Ke2 Ke7 32. f3 Kd6 33. f4 f6
34. Kf3 Kc6 35. Ke4 Bc3 36. f5 e5 37. g4 a5 38. a3 Bd4 39. h4 Bc5 40. b4 Bg1
41. g5 hxg5 42. hxg5 Kd6 43. g6 Bd4 44. bxa5 bxa5 45. a4 Bc3 46. Ke3 Bd4+ 47.
Kf3 Kc6 48. Ke4 Kd6 49. Nc1 Kc5 50. Nb3+ Kxc4 51. Nxa5+ Kc5 52. Nb7+ Kc6 53.
Nd8+ Kd7 54. Ne6 Bb6 55. Kd5 Ke7 56. Nxg7 Ba5 57. Ne6 Bd2 58. Nc5 1-0